[Event "Berlin Lichtenberger op 17th"]
[Site "Berlin"]
[Date "2018.08.25"]
[Round "8"]
[White "Boetzer, Detlef"]
[Black "Seitz, Patrick"]
[Result "1-0"]
[WhiteElo "2218"]
[BlackElo "1998"]
[PlyCount "93"]
[EventDate "2018.08.18"]
[EventType "swiss"]
[EventRounds "9"]
[EventCountry "GER"]
[SourceTitle "CBM 186 Extra"]
[Source "ChessBase"]
[SourceDate "2018.08.24"]
[SourceVersion "1"]
[SourceVersionDate "2018.08.24"]
[SourceQuality "1"]

1. d4 Nf6 2. Nf3 g6 3. c4 Bg7 4. Nc3 0-0 5. e4 d6 6. Be2 e5 7. dxe5 dxe5 8. Qxd8 Rxd8 9. Bg5 h6 10. Bxf6 Bxf6 11. Nd5 Nd7 12. Nxc7 Rb8 13. 0-0-0 b6 14. Nd5 Bb7 15. Nxf6+ Nxf6 16. Rxd8+ Rxd8 17. Nxe5 Nxe4 18. f3 Nc5 19. Ng4 Kg7 20. Rd1 Re8 21. Rd2 Ne6 22. Bd1 Rc8 23. b3 b5 24. Ne3 bxc4 25. Nxc4 Rc7 26. Kb2 h5 27. Nd6 Kh6 28. b4 f5 29. Bb3 Nf4 30. a4 h4 31. h3 Re7 32. b5 Ba8 33. a5 Re3 34. Bc4 Nxg2 35. Rxg2 Rxf3 36. Nf7+ Kg7 37. Nd6 Rxh3 38. Re2 Kf6 39. b6 axb6 40. axb6 Rg3 41. Ne8+ Kg5 42. Nc7 Bb7 43. Bd5 Bxd5 44. Nxd5 h3 45. b7 Rg2 46. b8Q Rxe2+ 47. Kc3 1-0

[Event "BL2-Nord 1516"]
[Site "Germany"]
[Date "2015.12.13"]
[Round "4.8"]
[White "Jaster, Robert"]
[Black "Boetzer, Detlef"]
[Result "1-0"]
[WhiteElo "2289"]
[BlackElo "2267"]
[PlyCount "81"]
[EventDate "2015.09.19"]
[EventType "team-tourn"]
[EventRounds "9"]
[EventCountry "GER"]
[SourceTitle "EXT 2017"]
[Source "ChessBase"]
[SourceDate "2016.10.25"]
[SourceVersion "1"]
[SourceVersionDate "2016.10.25"]
[SourceQuality "1"]
[WhiteTeam "Rostock"]
[BlackTeam "Pankow Rotation"]
[WhiteTeamCountry "GER"]
[BlackTeamCountry "GER"]

1. d4 Nf6 2. c4 d6 3. Nc3 e5 4. Nf3 Nbd7 5. e4 g6 6. Be2 Bg7 7. 0-0 0-0 8. Be3 c6 9. d5 c5 10. Ne1 Ne8 11. Nd3 Nb6 12. Qb3 g5 13. f3 f5 14. exf5 Bxf5 15. Nf2 Bf6 16. Qd1 Ng7 17. Rc1 Nc8 18. Nfe4 Be7 19. Qd2 h6 20. g4 Bg6 21. h4 gxh4 22. Bxh6 a6 23. Ng5 Rf4 24. Nce4 b5 25. Ne6 Nxe6 26. dxe6 bxc4 27. Bxf4 exf4 28. Bxc4 Nb6 29. Bd5 Nxd5 30. Qxd5 Rb8 31. b3 Rb4 32. Rc4 Rxc4 33. bxc4 Qb6 34. Qd2 a5 35. Rd1 Qb7 36. Qxf4 Qb2 37. Qh2 Qa3 38. Qe2 h3 39. Nxd6 Qc3 40. Nf5 Bf6 41. e7 1-0

[Event "Berlin Lichtenrade op 11th"]
[Site "Berlin"]
[Date "2015.10.28"]
[Round "5"]
[White "Solys, Laimutis"]
[Black "Boetzer, Detlef"]
[Result "1/2-1/2"]
[WhiteElo "2344"]
[BlackElo "2226"]
[PlyCount "44"]
[EventDate "2015.10.24"]
[EventType "swiss"]
[EventRounds "9"]
[EventCountry "GER"]
[SourceTitle "CBM 169 Extra"]
[Source "ChessBase"]
[SourceDate "2015.12.18"]
[SourceVersion "1"]
[SourceVersionDate "2015.12.18"]
[SourceQuality "1"]

1. d4 Nf6 2. c4 g6 3. Nc3 Bg7 4. e4 d6 5. Nf3 0-0 6. Be2 e5 7. Be3 exd4 8. Nxd4 Re8 9. f3 c6 10. Bf2 d5 11. exd5 cxd5 12. 0-0 Nc6 13. c5 Nh5 14. Qd2 Be5 15. g3 Bh3 16. Rfe1 Ng7 17. Bb5 Rc8 18. f4 Nxd4 19. Bxd4 Bxd4+ 20. Qxd4 Rxe1+ 21. Rxe1 Ne6 22. Qxd5 Qxd5 1/2-1/2

[Event "Berlin Lichtenrade op 11th"]
[Site "Berlin"]
[Date "2015.10.26"]
[Round "3"]
[White "Boetzer, Detlef"]
[Black "Bergmann, Jens"]
[Result "1-0"]
[WhiteElo "2226"]
[BlackElo "1902"]
[PlyCount "127"]
[EventDate "2015.10.24"]
[EventType "swiss"]
[EventRounds "9"]
[EventCountry "GER"]
[SourceTitle "CBM 169 Extra"]
[Source "ChessBase"]
[SourceDate "2015.12.18"]
[SourceVersion "1"]
[SourceVersionDate "2015.12.18"]
[SourceQuality "1"]

1. d4 g6 2. Nf3 Bg7 3. c4 Nf6 4. Nc3 d6 5. e4 0-0 6. Be2 Nbd7 7. 0-0 c6 8. Qc2 e5 9. Rd1 Qc7 10. Be3 Ng4 11. Bg5 h6 12. Bh4 Ngf6 13. d5 c5 14. Nd2 g5 15. Bg3 a6 16. a3 Rd8 17. b4 Nf8 18. bxc5 Qxc5 19. Na4 Qa5 20. Qb3 b5 21. Nc3 Bd7 22. Qb4 Qxb4 23. axb4 Rdc8 24. Rdc1 Ne8 25. f3 bxc4 26. Nxc4 Rab8 27. Rab1 Bf6 28. Be1 Bd8 29. Na5 Bb6+ 30. Kf1 Ra8 31. Nd1 Rxc1 32. Rxc1 Bxa5 33. bxa5 Bb5 34. Bxb5 axb5 35. Rc6 Nd7 36. Bb4 Kf8 37. Ne3 Nc5 38. Ke2 Nb3 39. Rc3 Nd4+ 40. Kd3 Ke7 41. Ra3 h5 42. Bc3 b4 43. Bxb4 Nb5 44. Ra1 Nec7 45. Bd2 Na6 46. Nf5+ Kd7 47. Rb1 Nc5+ 48. Ke2 Rb8 49. Kf1 f6 50. Be3 Na6 51. Rc1 Nb4 52. Bb6 Na2 53. Rc4 Nac3 54. Ke1 g4 55. Be3 gxf3 56. gxf3 Ra8 57. Bd2 Nb1 58. Bb4 Ra6 59. Rc1 N1a3 60. Kf2 Nd4 61. Nxd4 exd4 62. Bxa3 Rxa5 63. Bb2 Ra2 64. Rc2 1-0

[Event "Oberliga Nord O 1415"]
[Site "Germany"]
[Date "2015.04.12"]
[Round "9.8"]
[White "Georgi, David"]
[Black "Boetzer, Detlef"]
[Result "1/2-1/2"]
[WhiteElo "1798"]
[BlackElo "2235"]
[PlyCount "128"]
[EventDate "2014.09.21"]
[EventType "team-tourn"]
[EventRounds "9"]
[EventCountry "GER"]
[SourceTitle "EXT 2016"]
[Source "ChessBase"]
[SourceDate "2015.10.08"]
[SourceVersion "1"]
[SourceVersionDate "2015.10.08"]
[SourceQuality "1"]
[WhiteTeam "Fuerstenwalde"]
[BlackTeam "Berlin Rotation"]
[WhiteTeamCountry "GER"]
[BlackTeamCountry "GER"]

1. Nc3 e6 2. Nf3 d5 3. e4 Nf6 4. exd5 exd5 5. d4 Bg4 6. Be2 Be7 7. 0-0 0-0 8. Bf4 c6 9. h3 Bh5 10. Re1 Nbd7 11. Ne5 Bxe2 12. Qxe2 Re8 13. Qd3 Nf8 14. Re2 Qb6 15. Rd1 Rac8 16. Bg3 Bb4 17. Re3 Bxc3 18. Qxc3 Ne4 19. Qb3 Re6 20. Qxb6 axb6 21. Bh2 Ra8 22. a3 f6 23. Nd3 Ng5 24. Rde1 Rae8 25. Rxe6 Rxe6 26. Kf1 Kf7 27. f3 Nd7 28. Rd1 Re8 29. Kf2 Ne6 30. c3 Rc8 31. Rd2 h5 32. Bd6 h4 33. Re2 Re8 34. Re1 g6 35. Re2 b5 36. g4 hxg3+ 37. Bxg3 Ng7 38. Rxe8 Kxe8 39. Bf4 Nf5 40. b3 Ke7 41. Bc7 Nf8 42. Nc5 Ne6 43. Nxe6 Kxe6 44. Ke2 Ng7 45. Bf4 Kf5 46. Bd2 Ne6 47. Kf2 Ng7 48. Ke2 Nh5 49. Kf2 g5 50. Kg2 Nf4+ 51. Kg3 Ne6 52. h4 Ng7 53. hxg5 fxg5 54. Kf2 Kg6 55. Ke2 Ne8 56. Kd3 Nd6 57. Ke2 Kf5 58. Kd3 Kf6 59. Be3 Kf5 60. Bd2 g4 61. fxg4+ Kxg4 62. Bh6 Kf3 63. Bf8 Ne4 64. c4 bxc4+ 1/2-1/2

[Event "Berlin Werner Ott op"]
[Site "Berlin"]
[Date "2014.07.12"]
[Round "8"]
[White "Boetzer, Detlef"]
[Black "Lerch, Philipp"]
[Result "1/2-1/2"]
[WhiteElo "2228"]
[BlackElo "2197"]
[PlyCount "51"]
[EventDate "2014.07.05"]
[EventType "swiss"]
[EventRounds "9"]
[EventCountry "GER"]
[SourceTitle "CBM 161 Extra"]
[Source "ChessBase"]
[SourceDate "2014.08.29"]
[SourceVersion "1"]
[SourceVersionDate "2014.08.29"]
[SourceQuality "1"]

1. d4 d5 2. c4 c6 3. Nc3 Nf6 4. e3 e6 5. Nf3 a6 6. b3 Bb4 7. Bd2 0-0 8. Be2 dxc4 9. bxc4 c5 10. Qb3 cxd4 11. Qxb4 dxc3 12. Bxc3 Ne4 13. Rd1 Bd7 14. Bb2 Nc6 15. Qa3 b6 16. 0-0 Qc7 17. Qd3 Nc5 18. Qd6 Rac8 19. Ba3 Qxd6 20. Rxd6 Rfd8 21. Bxc5 bxc5 22. Rfd1 Be8 23. Rxd8 Rxd8 24. Rxd8 Nxd8 25. Ne5 Bc6 26. Nd3 1/2-1/2

[Event "Berlin Werner Ott op"]
[Site "Berlin"]
[Date "2014.07.11"]
[Round "7"]
[White "Badestein, Hartmut"]
[Black "Boetzer, Detlef"]
[Result "0-1"]
[WhiteElo "2077"]
[BlackElo "2228"]
[PlyCount "86"]
[EventDate "2014.07.05"]
[EventType "swiss"]
[EventRounds "9"]
[EventCountry "GER"]
[SourceTitle "CBM 161 Extra"]
[Source "ChessBase"]
[SourceDate "2014.08.29"]
[SourceVersion "1"]
[SourceVersionDate "2014.08.29"]
[SourceQuality "1"]

1. e4 e6 2. d4 d5 3. Nc3 Nf6 4. Bd3 c5 5. Nf3 Nc6 6. dxc5 dxe4 7. Nxe4 Nxe4 8. Bxe4 Qxd1+ 9. Kxd1 Bxc5 10. Ke2 Bd7 11. Be3 Bxe3 12. Bxc6 Bxc6 13. Kxe3 Ke7 14. Rhd1 f6 15. Nd4 Bd7 16. f4 h6 17. Rd2 g5 18. g3 Rac8 19. Rad1 Rc7 20. c4 Rg8 21. b3 h5 22. a4 a6 23. Ne2 h4 24. fxg5 Rxg5 25. Rd4 hxg3 26. hxg3 e5 27. Rh4 Rg7 28. Rdh1 Bf5 29. Rg1 Rd7 30. g4 Rd3+ 31. Kf2 Bd7 32. Rg3 Rxg3 33. Kxg3 f5 34. Kf3 Rxg4 35. Rxg4 fxg4+ 36. Kg3 Kd6 37. b4 Bxa4 38. Nc3 Bd7 39. Ne4+ Kc6 40. Kf2 Bf5 41. b5+ axb5 42. cxb5+ Kd5 43. Ng3 Bg6 0-1

[Event "Berlin Werner Ott op"]
[Site "Berlin"]
[Date "2014.07.06"]
[Round "2"]
[White "Boetzer, Detlef"]
[Black "Francke, Joerg"]
[Result "1-0"]
[WhiteElo "2228"]
[BlackElo "2021"]
[PlyCount "49"]
[EventDate "2014.07.05"]
[EventType "swiss"]
[EventRounds "9"]
[EventCountry "GER"]
[SourceTitle "CBM 161 Extra"]
[Source "ChessBase"]
[SourceDate "2014.08.29"]
[SourceVersion "1"]
[SourceVersionDate "2014.08.29"]
[SourceQuality "1"]

1. d4 f5 2. Nc3 e6 3. e4 Bb4 4. exf5 exf5 5. Bd3 g6 6. h4 Nf6 7. h5 Qe7+ 8. Kf1 0-0 9. hxg6 hxg6 10. Bg5 Bxc3 11. bxc3 d5 12. Qf3 Qf7 13. Bxf6 Qxf6 14. Qxd5+ Be6 15. Qxb7 Nd7 16. Qxc7 Rf7 17. Qa5 Nb6 18. Nf3 Bd5 19. Rh3 Rh7 20. Rxh7 Kxh7 21. Re1 Qc6 22. Re3 f4 23. Re7+ Kh6 24. Ne5 Bxg2+ 25. Kg1 1-0

[Event "Oberliga Nord O 1314"]
[Site "Germany"]
[Date "2014.04.06"]
[Round "9.3"]
[White "Berebora, Ferenc"]
[Black "Boetzer, Detlef"]
[Result "1-0"]
[WhiteElo "2426"]
[BlackElo "2233"]
[PlyCount "53"]
[EventDate "2013.10.13"]
[EventType "team-tourn"]
[EventRounds "9"]
[EventCountry "GER"]
[SourceTitle "EXT 2015"]
[Source "ChessBase"]
[SourceDate "2014.11.20"]
[SourceVersion "1"]
[SourceVersionDate "2014.11.20"]
[SourceQuality "1"]
[WhiteTeam "Neuruppin"]
[BlackTeam "Pankow Rotation"]
[WhiteTeamCountry "GER"]
[BlackTeamCountry "GER"]

1. Nf3 Nf6 2. c4 g6 3. Nc3 Bg7 4. e4 d6 5. d4 0-0 6. Be2 Bg4 7. Be3 Nfd7 8. Ng1 Bxe2 9. Ngxe2 e5 10. Qd2 Nc6 11. Rd1 f5 12. dxe5 Ndxe5 13. 0-0 Kh8 14. b3 Qe8 15. exf5 gxf5 16. h3 Nf3+ 17. gxf3 Ne5 18. Kg2 Qh5 19. Nf4 Qh4 20. Nce2 Rg8 21. Ng3 Bh6 22. Nfe2 Rg6 23. Bxh6 Rxh6 24. Rh1 Rg8 25. f4 Ng6 26. Qc3+ Rg7 27. Qxg7+ 1-0

[Event "Oberliga Nord O 1314"]
[Site "Germany"]
[Date "2014.02.23"]
[Round "7.3"]
[White "Trenner, Rolf"]
[Black "Boetzer, Detlef"]
[Result "1/2-1/2"]
[WhiteElo "2212"]
[BlackElo "2233"]
[PlyCount "58"]
[EventDate "2013.10.13"]
[EventType "team-tourn"]
[EventRounds "9"]
[EventCountry "GER"]
[SourceTitle "EXT 2015"]
[Source "ChessBase"]
[SourceDate "2014.11.20"]
[SourceVersion "1"]
[SourceVersionDate "2014.11.20"]
[SourceQuality "1"]
[WhiteTeam "Potsdam Empor"]
[BlackTeam "Pankow Rotation"]
[WhiteTeamCountry "GER"]
[BlackTeamCountry "GER"]

1. d4 Nf6 2. c4 g6 3. Nc3 Bg7 4. e4 d6 5. Be2 0-0 6. Bg5 c5 7. d5 h6 8. Be3 e6 9. Qd2 exd5 10. cxd5 h5 11. f3 a6 12. a4 Re8 13. Ra3 Nh7 14. Bd3 Nd7 15. Nge2 Ne5 16. 0-0 Rb8 17. a5 Nxd3 18. Qxd3 b5 19. axb6 Rxb6 20. Rb1 f5 21. Ra4 Rb4 22. Rxb4 cxb4 23. Nd1 Rxe4 24. fxe4 Nf6 25. Nf2 Qe7 26. Bg5 Qa7 27. Be3 Qe7 28. Bg5 Qa7 29. Be3 Qe7 1/2-1/2

[Event "Oberliga Nord O 1314"]
[Site "Germany"]
[Date "2014.01.19"]
[Round "5.3"]
[White "Boetzer, Detlef"]
[Black "Anibar, Ahmed"]
[Result "0-1"]
[WhiteElo "2233"]
[BlackElo "2269"]
[PlyCount "70"]
[EventDate "2013.10.13"]
[EventType "team-tourn"]
[EventRounds "9"]
[EventCountry "GER"]
[SourceTitle "EXT 2015"]
[Source "ChessBase"]
[SourceDate "2014.11.20"]
[SourceVersion "1"]
[SourceVersionDate "2014.11.20"]
[SourceQuality "1"]
[WhiteTeam "Pankow Rotation"]
[BlackTeam "Koenig Tegel II"]
[WhiteTeamCountry "GER"]
[BlackTeamCountry "GER"]

1. d4 Nf6 2. c4 g6 3. Nc3 Bg7 4. e4 0-0 5. Nf3 c6 6. h3 d6 7. Be3 Na6 8. Be2 e5 9. dxe5 dxe5 10. Qxd8 Rxd8 11. 0-0 Nh5 12. Rfd1 Re8 13. a3 Nf4 14. Bf1 Nc7 15. b4 h6 16. Nd2 Nfe6 17. Nb3 f5 18. f3 Ng5 19. c5 Nce6 20. Bc4 f4 21. Bf2 Nf7 22. Ra2 g5 23. Rad2 h5 24. Na4 g4 25. hxg4 hxg4 26. Kf1 gxf3 27. gxf3 Neg5 28. Ke2 Bf6 29. Na5 Kg7 30. Ba2 Rh8 31. Rg1 Rh2 32. Nxb7 Bxb7 33. Rd7 Ba6+ 34. Ke1 Kf8 35. Bxf7 Nxf3+ 0-1

[Event "Oberliga Nord O 1314"]
[Site "Germany"]
[Date "2013.12.15"]
[Round "4.2"]
[White "Boetzer, Detlef"]
[Black "Friedrich, Wiede"]
[Result "1/2-1/2"]
[WhiteElo "2233"]
[BlackElo "2259"]
[PlyCount "32"]
[EventDate "2013.10.13"]
[EventType "team-tourn"]
[EventRounds "9"]
[EventCountry "GER"]
[SourceTitle "EXT 2015"]
[Source "ChessBase"]
[SourceDate "2014.11.20"]
[SourceVersion "1"]
[SourceVersionDate "2014.11.20"]
[SourceQuality "1"]
[WhiteTeam "Pankow Rotation"]
[BlackTeam "Potsdam USV"]
[WhiteTeamCountry "GER"]
[BlackTeamCountry "GER"]

1. d4 d5 2. c4 dxc4 3. Nf3 Nf6 4. e3 e6 5. Bxc4 c5 6. 0-0 a6 7. dxc5 Bxc5 8. Qxd8+ Kxd8 9. b3 Ke7 10. Bb2 b5 11. Be2 Bb7 12. Nbd2 Nbd7 13. a4 bxa4 14. Rxa4 Nb6 15. Ra5 Bb4 16. Ba3 Bxa3 1/2-1/2

[Event "Oberliga Nord O 1314"]
[Site "Germany"]
[Date "2013.10.13"]
[Round "1.3"]
[White "Boetzer, Detlef"]
[Black "Noetzel, Felix"]
[Result "1-0"]
[WhiteElo "2233"]
[BlackElo "2081"]
[PlyCount "65"]
[EventDate "2013.10.13"]
[EventType "team-tourn"]
[EventRounds "9"]
[EventCountry "GER"]
[SourceTitle "EXT 2015"]
[Source "ChessBase"]
[SourceDate "2014.11.20"]
[SourceVersion "1"]
[SourceVersionDate "2014.11.20"]
[SourceQuality "1"]
[WhiteTeam "Pankow Rotation"]
[BlackTeam "Berlin SF III"]
[WhiteTeamCountry "GER"]
[BlackTeamCountry "GER"]

1. d4 d5 2. c4 e6 3. Nc3 c6 4. e3 f5 5. Nf3 Nf6 6. Bd3 Bd6 7. 0-0 0-0 8. b3 Ne4 9. Ne2 Nd7 10. Bb2 Rf6 11. Ne5 Rh6 12. f4 Ndf6 13. h3 Bd7 14. a4 Be8 15. Ba3 Bc7 16. Qe1 Bh5 17. Ng3 Bxe5 18. fxe5 Rg6 19. Bxe4 Nxe4 20. Nxh5 Rh6 21. Ng3 Ng5 22. cxd5 Qxd5 23. Rb1 Kh8 24. Be7 Nf7 25. Qb4 Rg6 26. Kh2 Qd7 27. a5 Re8 28. Bc5 Rh6 29. e4 Ng5 30. exf5 exf5 31. Rxf5 Nxh3 32. gxh3 g6 33. Qd2 1-0

[Event "Berlin Lichtenberger op 12th"]
[Site "Berlin"]
[Date "2013.08.25"]
[Round "9"]
[White "Kather, Yannick"]
[Black "Boetzer, Detlef"]
[Result "1/2-1/2"]
[WhiteElo "1943"]
[BlackElo "2275"]
[PlyCount "37"]
[EventDate "2013.08.17"]
[EventType "swiss"]
[EventRounds "9"]
[EventCountry "GER"]
[SourceTitle "CBM 156 Extra"]
[Source "ChessBase"]
[SourceDate "2013.10.22"]
[SourceVersion "1"]
[SourceVersionDate "2013.10.22"]
[SourceQuality "1"]

1. e4 e6 2. d4 d5 3. Nd2 a6 4. c3 c5 5. exd5 exd5 6. dxc5 Bxc5 7. Ngf3 Ne7 8. Bd3 Nbc6 9. 0-0 Bg4 10. Qa4 Qd7 11. Nb3 Ba7 12. Nbd4 Nxd4 13. Qxd7+ Bxd7 14. Nxd4 Bxd4 15. cxd4 Bf5 16. Bxf5 Nxf5 17. Re1+ Kd7 18. Re5 Ne7 19. Bd2 1/2-1/2

[Event "Oberliga Nord O 1213"]
[Site "Germany"]
[Date "2013.04.14"]
[Round "9.5"]
[White "Boetzer, Detlef"]
[Black "Becker, Walter"]
[Result "1/2-1/2"]
[WhiteElo "2288"]
[BlackElo "2327"]
[PlyCount "23"]
[EventDate "2012.10.17"]
[EventType "team-tourn"]
[EventRounds "9"]
[EventCountry "GER"]
[SourceTitle "EXT 2015"]
[Source "ChessBase"]
[SourceDate "2014.11.20"]
[SourceVersion "1"]
[SourceVersionDate "2014.11.20"]
[SourceQuality "1"]
[WhiteTeam "Pankow Rotation"]
[BlackTeam "Lasker Steglitz"]
[WhiteTeamCountry "GER"]
[BlackTeamCountry "GER"]

1. d4 Nf6 2. c4 e5 3. dxe5 Ne4 4. Nf3 Nc6 5. Nbd2 Bb4 6. a3 Bxd2+ 7. Bxd2 Nxd2 8. Qxd2 Qe7 9. Qc3 0-0 10. e3 Re8 11. Be2 b6 12. 0-0 1/2-1/2

[Event "Oberliga Nord O 1213"]
[Site "Germany"]
[Date "2013.02.24"]
[Round "7.5"]
[White "Syre, Christian"]
[Black "Boetzer, Detlef"]
[Result "1/2-1/2"]
[WhiteElo "2252"]
[BlackElo "2288"]
[PlyCount "46"]
[EventDate "2012.10.17"]
[EventType "team-tourn"]
[EventRounds "9"]
[EventCountry "GER"]
[SourceTitle "EXT 2015"]
[Source "ChessBase"]
[SourceDate "2014.11.20"]
[SourceVersion "1"]
[SourceVersionDate "2014.11.20"]
[SourceQuality "1"]
[WhiteTeam "Oberschoeneweide"]
[BlackTeam "Pankow Rotation"]
[WhiteTeamCountry "GER"]
[BlackTeamCountry "GER"]

1. d4 Nf6 2. Nf3 g6 3. c4 Bg7 4. Nc3 0-0 5. e4 d6 6. Be2 e5 7. Be3 exd4 8. Nxd4 Re8 9. f3 c6 10. 0-0 d5 11. cxd5 Nxd5 12. Nxd5 cxd5 13. Qb3 Nc6 14. Rad1 Nxd4 15. Bxd4 Bxd4+ 16. Rxd4 Qf6 17. Rb4 a5 18. Rb6 Qd4+ 19. Kh1 a4 20. Qb4 Qxb4 21. Rxb4 dxe4 22. fxe4 a3 23. bxa3 Rxa3 1/2-1/2

[Event "Berlin Lichtenberger op 11th"]
[Site "Berlin"]
[Date "2012.08.20"]
[Round "3"]
[White "Boetzer, Detlef"]
[Black "Meyer, Ulrich"]
[Result "1-0"]
[WhiteElo "2277"]
[BlackElo "2069"]
[PlyCount "67"]
[EventDate "2012.08.18"]
[EventType "swiss"]
[EventRounds "9"]
[EventCountry "GER"]
[SourceTitle "CBM 150 Extra"]
[Source "ChessBase"]
[SourceDate "2012.10.19"]
[SourceVersion "1"]
[SourceVersionDate "2012.10.19"]
[SourceQuality "1"]

1. c4 e5 2. Nc3 Nc6 3. Nf3 g6 4. g3 Bg7 5. Bg2 d6 6. 0-0 Be6 7. d3 h6 8. Rb1 Qd7 9. Re1 Nge7 10. b4 0-0 11. b5 Nd8 12. a4 c6 13. bxc6 bxc6 14. Ba3 f5 15. Qb3 Rc8 16. Nd2 f4 17. Nce4 c5 18. Qb5 Ndc6 19. a5 Rb8 20. Qa4 Qc7 21. a6 Bd7 22. Nc3 Nd4 23. Nb5 Nxb5 24. cxb5 Be6 25. Rec1 fxg3 26. hxg3 Nf5 27. Bb2 Qf7 28. Rf1 h5 29. Nf3 Bh6 30. Bc3 Bd7 31. Qc4 Kg7 32. Nxe5 Qxc4 33. Nxc4+ Kh7 34. b6 1-0

[Event "BL2-Nord 1112"]
[Site "Germany"]
[Date "2011.11.20"]
[Round "3.3"]
[White "Rudolf, Henrik"]
[Black "Boetzer, Detlef"]
[Result "1/2-1/2"]
[WhiteElo "2361"]
[BlackElo "2286"]
[PlyCount "84"]
[EventDate "2011.10.02"]
[EventType "team-tourn"]
[EventRounds "9"]
[EventCountry "GER"]
[SourceTitle "EXT 2015"]
[Source "ChessBase"]
[SourceDate "2014.11.20"]
[SourceVersion "1"]
[SourceVersionDate "2014.11.20"]
[SourceQuality "1"]
[WhiteTeam "Rostock"]
[BlackTeam "Pankow Rotation"]
[WhiteTeamCountry "GER"]
[BlackTeamCountry "GER"]

1. e4 e6 2. d4 d5 3. Nc3 Bb4 4. e5 c5 5. a3 Bxc3+ 6. bxc3 Ne7 7. Qg4 Kf8 8. Bd2 Qe8 9. dxc5 Nd7 10. Nf3 Nxc5 11. Bd3 Bd7 12. 0-0 Rc8 13. Nd4 h5 14. Qg5 Qd8 15. Qe3 a6 16. f4 Nf5 17. Bxf5 exf5 18. Rfd1 Ne4 19. Be1 Kg8 20. Nf3 Be6 21. a4 Rc4 22. Rd4 Qc7 23. Rb1 Rxd4 24. Qxd4 Kh7 25. Rb6 Rc8 26. Qb4 Qc5+ 27. Qxc5 Rxc5 28. Rxb7 Ra5 29. Rb4 Bd7 30. Nd4 Rxa4 31. Rb7 Be6 32. Rb6 Ra1 33. Kf1 Bd7 34. Ke2 a5 35. Rb7 Be6 36. Nxe6 fxe6 37. Re7 Rc1 38. Rxe6 Rxc2+ 39. Kf3 Rc1 40. Ke2 Rc2+ 41. Kf3 Rc1 42. Ke2 Rc2+ 1/2-1/2

[Event "Berlin Lichtenrade op 07th"]
[Site "Berlin"]
[Date "2011.10.15"]
[Round "8"]
[White "Mueller, Jan1111"]
[Black "Boetzer, Detlef"]
[Result "1/2-1/2"]
[WhiteElo "2100"]
[BlackElo "2286"]
[PlyCount "87"]
[EventDate "2011.10.08"]
[EventType "swiss"]
[EventRounds "9"]
[EventCountry "GER"]
[SourceTitle "CBM 144 Extra"]
[Source "ChessBase"]
[SourceDate "2011.10.28"]
[SourceVersion "1"]
[SourceVersionDate "2011.10.28"]
[SourceQuality "1"]

1. c4 Nf6 2. g3 g6 3. Bg2 Bg7 4. Nc3 0-0 5. e4 d6 6. d3 c5 7. Nge2 Nc6 8. 0-0 Ne8 9. h3 Nc7 10. f4 f5 11. Rb1 Ne6 12. a3 a5 13. Nb5 Kh8 14. Kh2 Rb8 15. Bd2 Bd7 16. Qe1 b6 17. Bc3 Ncd4 18. a4 Nxe2 19. Bxg7+ Kxg7 20. Qxe2 Bxb5 21. axb5 Nd4 22. Qe3 e6 23. e5 Qc7 24. exd6 Qxd6 25. Rbe1 Rbe8 26. Qd2 e5 27. fxe5 Rxe5 28. Rxe5 Qxe5 29. Re1 Qd6 30. Qg5 Rf6 31. Re8 h6 32. Qe3 Re6 33. Rxe6 Qxe6 34. Qf4 h5 35. Qc7+ Kh6 36. h4 Qf6 37. Qf4+ Kg7 38. Qc7+ Kh6 39. Qf4+ g5 40. hxg5+ Qxg5 41. Qd6+ Qg6 42. Qf4+ Qg5 43. Qd6+ Qg6 44. Qf4+ 1/2-1/2

[Event "Berlin Lichtenrade op 07th"]
[Site "Berlin"]
[Date "2011.10.10"]
[Round "3"]
[White "Boetzer, Detlef"]
[Black "Zschaebitz, Klaus"]
[Result "1/2-1/2"]
[WhiteElo "2286"]
[BlackElo "2093"]
[PlyCount "75"]
[EventDate "2011.10.08"]
[EventType "swiss"]
[EventRounds "9"]
[EventCountry "GER"]
[SourceTitle "CBM 144 Extra"]
[Source "ChessBase"]
[SourceDate "2011.10.28"]
[SourceVersion "1"]
[SourceVersionDate "2011.10.28"]
[SourceQuality "1"]

1. c4 e6 2. Nf3 Nf6 3. Nc3 d5 4. d4 dxc4 5. e3 a6 6. a4 c5 7. Bxc4 Nc6 8. 0-0 Be7 9. Qe2 cxd4 10. Rd1 e5 11. exd4 exd4 12. Nxd4 Nxd4 13. Qe5 Qd6 14. Qxd6 Bxd6 15. Rxd4 Bc5 16. Rd1 0-0 17. Bg5 Be6 18. Bxe6 fxe6 19. Bxf6 gxf6 20. Rd7 f5 21. Rxb7 Rab8 22. Rc7 Bd4 23. Ra2 Rfc8 24. Rxc8+ Rxc8 25. g3 Rb8 26. Kf1 Kf7 27. Ke2 e5 28. f3 Rb6 29. Kd3 Bg1 30. h3 Rd6+ 31. Ke2 Rb6 32. g4 fxg4 33. hxg4 Bd4 34. Kd3 Rf6 35. Ke2 Rh6 36. Kd3 Rf6 37. Ke2 Rh6 38. Kd3 1/2-1/2